LEADER 00550nam a2200181 i 4500 001 000000186213 003 CaOOAMICUS 005 20100223000000.0 008 100223s1962 it u000 u ita u 013 $a164259 040 $aSeMil$bita 245 10$aVolume 1. 250 $a2. edizione. 300 $a879 p. 773 0 $aPesce, Giacomo $tMariale.$dMilano : Àncora, 1962-1964.$w()22987 850 $aSeMil 852 $aSeMil$W1$xVenegono$y1$m3F V 404$j136900$B136900$CSeMilBibl$Z2$F148441 $81 996 $6245$aVolume 1$9(OLS)http://semarc/title/46244 LEADER 01160nam a2200265 i 4500 001 000000249910 003 CaOOAMICUS 005 20160705000000.0 008 160705s2015 it u000 u ita u 013 $a228815 020 $a978-88-215-9475-5 040 $aSeMil$bita 100 1 $aPenna, Romano,$c.$0(OLS)http://semarc/name/769 245 13$aLa Cena del Signore :$bdimensione storica e ideale /$cRomano Penna. 260 $aCinisello Balsamo :$bSan Paolo,$c2015. 300 $a166 p. ;$c21 cm. 490 0 $aParola di Dio. 2. Serie ;$v82 650 4$aBibbia. Nuovo Testamento. Vangeli - Ultima Cena.$0(OLS)http://semarc/subject/5978 830 0$aParola di Dio. 2. serie ;$v82.$0(OLS)http://semarc/title/5940 850 $aSeMil 852 $aSeMil$W1$xVenegono$y1$m2V III 283$j200256$B200256$CSeMilBibl$Z2$F212497 $81 961 $aAcquisto: LdS 996 $6020$a978-88-215-9475-5$9(OLS)http://semarc/number/260224 996 $6245$aLa Cena del Signore :$bdimensione storica e ideale$9(OLS)http://semarc/title/352099 996 $6260$aCinisello Balsamo :$bSan Paolo$9(OLS)http://semarc/publisher/30129